| 000 | 00997nam a2200265 a 4500 | ||
|---|---|---|---|
| 001 | 000041151 | ||
| 005 | 20201002034648.0 | ||
| 008 | 130920s2005 sp a 000 0 spa d | ||
| 040 |
_aDO-SdBNP _bspa _cBNPHU |
||
| 082 |
_axxx _bxxxx |
||
| 245 | 0 | 0 |
_aAnticoncepción y salud reproductiva en España : _bcrónica de una (r)evolución / _cMagda Teresa Ruiz Salguero [et.al.]. |
| 260 |
_aMadrid, España : _bCSIC, _c2005. |
||
| 300 |
_a294 p. : _bil. ; _c28 cm. |
||
| 490 | 1 | _aEstudios ambientales y socioeconómicos | |
| 500 | _aIncluye índice de gráficos | ||
| 500 | _aIncluye índice de cuadros | ||
| 500 | _aIncluye siglas y abreviaturas | ||
| 504 | _aBibliografía p: 286 - 295 | ||
| 700 | 1 |
_aRuiz Salguero, Magda Teresa _967694 |
|
| 700 | 1 |
_aCabré Pla, Anna _914349 |
|
| 700 | 1 |
_aCastro Martín, Teresa _967695 |
|
| 700 | 1 |
_aSolsona Pairó, Montse _967696 |
|
| 710 | 2 |
_aConsejo Superior de Investigación Científicas _963831 |
|
| 830 | 0 |
_aEstudios ambientales y socioeconómicos _967697 |
|
| 999 |
_c40641 _d40641 |
||